Carregant...

Microelectronics: digital and analog circuits and systems

Dades bibliogràfiques
Autor principal: Millman,Jacob
Format: Printed Book
Publicat: Mcgraw Hill Book Co., London 1979
Matèries:
LEADER 00535nam a2200193 4500
020 |a 0070664102 
082 |a 621.38173 MIL-M 
100 |a Millman,Jacob 
245 |a  Microelectronics: digital and analog circuits and systems 
250
260 |a Mcgraw Hill Book Co., London  |c 1979 
300 |a 881 
490
500
590
650 |a integrated circuit, 
942 |c BK 
999 |c 80253  |d 80253 
952 |0 0  |1 0  |4 0  |6 621_381730000000000_MILM  |7 0  |9 93721  |a PHY  |b PHY  |l 0  |o 621.38173 MIL-M  |p PHY01934  |r 2019-09-24  |w 2019-09-24  |y BK